Mystery Country II - Statistics

General Stats
  • This quiz has been taken 98 times
  • The average score is 9 of 11
Answer Stats
Hint Answer % Correct
Its Capital is Brasilia Brazil
95%
This Archipelago Country's Capital is Jakarta Indonesia
94%
Its Capital is Muscat Oman
90%
Doha is the Capital of the Country Qatar
86%
This Russian Bordered Country and its Capital is called Kiev Ukraine
86%
It is a Country in North America that has the SAME Capital as their Country Mexico
85%
Asian Country whose Capital is Yerevan Armenia
81%
The Capital of the Answer is Skopje Macedonia
81%
This African Country's Capital of this Country is Harare Zimbabwe
78%
It iS A couNtry in north america that haS ALmost :V the same cApital :D as their cOuntRy El Salvador
76%
THE MYSTERY COUNTRY IS... Mozambique
67%
No matching quizzes found
Score Distribution
Percent of People with Each Score
Percentile by Number Answered
Your Score History
You have not taken this quiz